| 000 | 00835nam a2200181Ia 4500 | ||
|---|---|---|---|
| 008 | 151202s9999||||xx |||||||||||||| ||und|| | ||
| 082 | _bPNVM-61051 | ||
| 100 | _aजेफी आर्चर अनु. नरवणे अंजली | ||
| 245 | _aनॉट अ पेनी मोअर नॉट अ पेनी लेस | ||
| 260 | _b"मेहता पब्लिशींग हाऊस, पुणे." | ||
| 260 | _c61051 | ||
| 300 | _a203 | ||
| 600 | _aजेफी आर्चर अनु. नरवणे अंजली | ||
| 630 | _aनॉट अ पेनी मोअर नॉट अ पेनी लेस | ||
| 700 | _aजेफी आर्चर अनु. नरवणे अंजली | ||
| 730 | _aनॉट अ पेनी मोअर नॉट अ पेनी लेस | ||
| 942 | _cBOOK | ||
| 999 |
_c1327585 _d1327582 |
||